|
|
|
|
| LEADER |
00000nam0a2200000 4500 |
| 001 |
312550 |
| 005 |
20231102002509.0 |
| 035 |
|
|
|a (RuTPU)RU\TPU\book\337919
|
| 035 |
|
|
|a RU\TPU\book\316751
|
| 035 |
|
|
|a RU\TPU\book\335719
|
| 090 |
|
|
|a 312550
|
| 100 |
|
|
|a 20151125d1968 k y0rusy50 ca
|
| 101 |
0 |
|
|a rus
|
| 102 |
|
|
|a UA
|
| 105 |
|
|
|a a j 001zy
|
| 200 |
1 |
|
|a Механизация и автоматизация контрольных операций в машиностроении и приборостроении
|e учебное пособие
|f Я. И. Бовсуновский, О. Н. Власенко
|
| 210 |
|
|
|a Киев
|c Изд-во Киевского ун-та
|d 1968
|
| 215 |
|
|
|a 232 с.
|c ил.
|
| 320 |
|
|
|a Библиогр.: с. 228-229
|
| 330 |
|
|
|a В книге освещены основные вопросы механизации и автоматизации контрольных операций в машиностроении и приборостроении, использовавшиеся в середине XX века, описаны методы измерения, а также контрольно-измерительные приборы и устройства - механические, пневматические и электрические (датчики, манометры, подналадчики и т.п.).
|
| 606 |
1 |
|
|a Машиностроение
|x Технический контроль
|2 stltpush
|3 (RuTPU)RU\TPU\subj\41427
|9 61218
|
| 606 |
1 |
|
|a Приборостроение
|x Технический контроль автоматический
|2 stltpush
|3 (RuTPU)RU\TPU\subj\51550
|9 70123
|
| 610 |
1 |
|
|a механизация
|
| 610 |
1 |
|
|a автоматизация
|
| 610 |
1 |
|
|a погрешности
|
| 610 |
1 |
|
|a устройства
|
| 610 |
1 |
|
|a автоматический контроль
|
| 610 |
1 |
|
|a пневматические приборы
|
| 610 |
1 |
|
|a измерительные приборы
|
| 610 |
1 |
|
|a низкое давление
|
| 610 |
1 |
|
|a высокое давление
|
| 610 |
1 |
|
|a линейные размеры
|
| 610 |
1 |
|
|a датчики
|
| 610 |
1 |
|
|a учебные пособия
|
| 675 |
|
|
|a 621.002:658.562(075.8)
|v 4
|
| 675 |
|
|
|a 681.2.002:658.56(075.8)
|v 4
|
| 700 |
|
1 |
|a Бовсуновский
|b Я. И.
|g Яков Иванович
|
| 701 |
|
1 |
|a Власенко
|b О. Н.
|g Олег Николаевич
|
| 801 |
|
1 |
|a RU
|b 63413507
|c 20151224
|
| 801 |
|
2 |
|a RU
|b 63413507
|c 20171023
|g RCR
|
| 942 |
|
|
|c BK
|